| Registos Bibliográficos associados ao registo de autoridade |
|
Etiqueta de registo: 00000nam 2200025 450 001 2283905 003 http://id.bnportugal.gov.pt/bib/catbnp/2283905 100 ## $a20260408d2025 k y0pory01030103ba 101 0# $apor$deng 102 ## $aPT 105 ## $aa m 000yy 106 ## $ar 200 1# $aReferenciais de avaliação institucional de escolas na era da globalização e políticas
de accountability$e um estudo sobre a realidade portuguesa e brasileira$fIla Beatriz da Silva Maia$gorient. José Augusto Pacheco, Alicia Bonamino 210 #9 $a[S.l.$cs.n.],$d2025 215 ## $aXIII, 436 p.$cil.$d30 cm 328 #1 $aTese dout. Ciências da Educação (Desenvolvimento Curricular), Instituto de Educação,
Universidade do Minho, 2025 675 ## $a37.014(81+469)(043)$vBN$zpor$31999014 675 ## $a005.6(043)$vBN$zpor$31211058 675 ## $a005.58(043)$vBN$zpor$31243527 700 #1 $aMaia,$bIla Beatriz da Silva$31995058 702 #1 $aPacheco,$bJosé Augusto de Brito,$f1956-$4727$3116250 702 #1 $aBonamino,$bAlicia$4727$31995057 801 #0 $aPT$bBN$gRPC 966 ## $lBN$mFGMON$sS.C. 169189 V.$x1 971 ## $ccsilva$d20260408 972 ## $e0$z0$d20260608$vlrevez 973 ## $ctrodrigues$d20260522
|
|
|